LEADER 00855nam0-22003131i-450- 001 990001359810403321 010 $a0-521-57196-0 035 $a000135981 035 $aFED01000135981 035 $a(Aleph)000135981FED01 035 $a000135981 100 $a20000920d1997----km-y0itay50------ba 101 0 $aeng 200 1 $a3-transposition groups$fMichael Aschbacher 210 $aCambridge$cCambridge University Press$dc1997 215 $avii, 260 p.$d24 cm 225 1 $aCambridge tracts in mathematics$v124 610 0 $aTeoria dei gruppi 676 $a512.2 700 1$aAschbacher,$bMichael$061453 801 0$aIT$bUNINA$gRICA$2UNIMARC 901 $aBK 912 $a990001359810403321 952 $aC-34-(124$b15378$fMA1 959 $aMA1 962 $a20-02 996 $a3-transposition groups$9375301 997 $aUNINA DB $aING01 LEADER 01631nam 2200481 450 001 9910467343503321 005 20200520144314.0 010 $a3-11-056941-8 010 $a3-11-057017-3 024 7 $a10.1515/9783110570175 035 $a(CKB)4100000002964644 035 $a(MiAaPQ)EBC5159493 035 $a(DE-B1597)488637 035 $a(OCoLC)1029828142 035 $a(DE-B1597)9783110570175 035 $a(Au-PeEL)EBL5159493 035 $a(CaPaEBR)ebr11566066 035 $a(EXLCZ)994100000002964644 100 $a20180612d2018 uy 0 101 0 $aeng 135 $aurcnu|||||||| 181 $ctxt$2rdacontent 182 $cc$2rdamedia 183 $acr$2rdacarrier 200 10$aShape memory polymers /$fHemjyoti Kalita 205 $aFirst edition. 210 1$aBerlin ;$aBoston :$cDe Gruyter,$d[2018] 210 4$d©2018 215 $a1 online resource (152 pages) 311 $a3-11-056932-9 327 $tFrontmatter -- $tPreface -- $tContents -- $t1. Shape memory polymers -- $t2. Classification of shape memory polymers -- $t3. Characterization techniques for shape memory polymers -- $t4. Shape memory polyurethanes: From materials to synthesis -- $t5. Applications of shape memory polymers -- $t6. Future directions -- $tIndex 606 $aShape memory polymers 608 $aElectronic books. 615 0$aShape memory polymers. 676 $a338.47620192 700 $aKalita$b Hemjyoti$01035876 801 0$bMiAaPQ 801 1$bMiAaPQ 801 2$bMiAaPQ 906 $aBOOK 912 $a9910467343503321 996 $aShape memory polymers$92455813 997 $aUNINA LEADER 01238nam a22002651i 4500 001 991002608159707536 005 20030901110119.0 008 030925s1955 fr |||||||||||||||||fre 035 $ab12312897-39ule_inst 035 $aARCHE-036043$9ExL 040 $aBiblioteca Interfacoltà$bita$cA.t.i. Arché s.c.r.l. Pandora Sicilia s.r.l. 082 04$a612 100 1 $aPavlov, Ivan Petrovic$0161011 245 10$aTypologie et pathologie de l'activité nerveuse supérieure :$bvingt ans d'expérience sur l'étude objective de l'activité nerveuse supérieure des animaux /$cI. P. Pavlov ; texte traduit du russe par N. Baumstein 260 $aParis :$bPresses Universitaires de France,$c1955 300 $aXIII, 272 p. ;$c23 cm 440 0$aBibliothèque scientifique internationale.$pSciences humaines,$psection psychologie 650 4$aCervello$xFisiologia 700 1 $aBaumstein, N. 907 $a.b12312897$b02-04-14$c08-10-03 912 $a991002608159707536 945 $aLE002 Ps. I E 7$g1$i2002000038043$lle002$o-$pE0.00$q-$rl$s- $t0$u0$v0$w0$x0$y.i12709955$z08-10-03 996 $aTypologie et pathologie de l'activité nerveuse supérieure$9162088 997 $aUNISALENTO 998 $ale002$b08-10-03$cm$da $e-$ffre$gfr $h0$i1